ECG interpretation made incredibly easy. / (Record no. 6512)

MARC details
000 -LEADER
fixed length control field 00833nam a22001457a 4500
008 - FIXED-LENGTH DATA ELEMENTS--GENERAL INFORMATION
fixed length control field 180209b xxu||||| |||| 00| 0 eng d
020 ## - INTERNATIONAL STANDARD BOOK NUMBER
International Standard Book Number 9781608312894
050 ## - LIBRARY OF CONGRESS CALL NUMBER
Classification number RC683.5.E5 E256
245 ## - TITLE STATEMENT
Title ECG interpretation made incredibly easy. /
260 ## - PUBLICATION, DISTRIBUTION, ETC.
Place of publication, distribution, etc. New York:
Name of publisher, distributor, etc. Lippincott Williams & Wilkins,
Date of publication, distribution, etc. 2011.
300 ## - PHYSICAL DESCRIPTION
Extent vii, 375p.:
Other physical details ill.;
Dimensions 23 cm
500 ## - GENERAL NOTE
General note Includes index
505 ## - FORMATTED CONTENTS NOTE
Formatted contents note Contents: ECG fundamentals: Cardiac anatomy and physiology -- Obtaining a rhythm strip -- Interpreting a rhythm strip -- Recognizing arrhythmias: Sinus node arrhythmias -- Atrial arrhythmias -- Junctional arrhythmias -- Ventricular arrhythmias -- Atrioventricular blocks -- Trating arrhythmias: Nonpharmacologic treatments -- Pharmacologic treatments -- The 12-lead ECG: Obtaining a 12-lead ECG -- Interpreting a 12-lead ECG.
942 ## - ADDED ENTRY ELEMENTS (KOHA)
Source of classification or shelving scheme Library of Congress Classification
Koha item type Books
Holdings
Withdrawn status Lost status Source of classification or shelving scheme Damaged status Not for loan Home library Current library Shelving location Date acquired Total Checkouts Full call number Barcode Date last seen Copy number Price effective from Koha item type
    Library of Congress Classification     WISCONSIN INTERNATIONAL UNIVERSITY COLLEGE, GHANA - MAIN LIBRARY WISCONSIN INTERNATIONAL UNIVERSITY COLLEGE, GHANA - MAIN LIBRARY nursing 09/02/2018   RC683.5.E5 E256 NURS/406/068/18 09/02/2018 1 09/02/2018 Books

If you have any concerns or questions; kindly contact the library


© Powered by WIUC ICT DIRECTORATE